[Event "NAYCC U16"]
[Site "Toronto CAN"]
[Date "2013.08.18"]
[Round "8"]
[White "Fu, James"]
[Black "Wang, Jalen"]
[Result "1/2-1/2"]
[WhiteElo "2233"]
[BlackElo "2167"]
[PlyCount "192"]
[GameId "2160767909292548"]
[EventDate "2013.08.14"]
[EventType "swiss"]
[EventRounds "9"]
[EventCountry "CAN"]
[SourceTitle "EXT 2022"]
[Source "ChessBase"]
[SourceDate "2021.10.06"]
[SourceVersion "1"]
[SourceVersionDate "2021.10.06"]
[SourceQuality "1"]

1. d4 a6 2. g3 h5 3. Nf3 b5 4. Bg2 Bb7 5. O-O e6 6. Re1 Nf6 7. Nbd2 c5 8. dxc5 Bxc5 9. Nb3 Bb6 10. e3 d6 11. a4 bxa4 12. Rxa4 Qc7 13. Nbd2 Nbd7 14. Nc4 d5 15. Nxb6 Qxb6 16. Qd4 Qxd4 17. exd4 O-O 18. Bf4 Rfc8 19. c3 Bc6 20. Ra2 a5 21. Bf1 a4 22. Bd3 Nb6 23. Bd6 Nfd7 24. Nd2 Nf6 25. Be7 Nfd7 26. Bd6 Nf6 27. f3 Be8 28. Rea1 Bc6 29. Kf2 Nfd7 30. h3 g6 31. h4 Kg7 32. Ra3 Re8 33. Re1 f6 34. g4 Kf7 35. gxh5 gxh5 36. f4 Nc8 37. Bb4 Ne7 38. Be2 Rh8 39. Bd3 Rhe8 40. Bc2 Ng6 41. Bd6 Bb5 42. Bd1 Rh8 43. f5 exf5 44. Bf3 Bc6 45. c4 Rac8 46. c5 f4 47. Nb1 Nxh4 48. Re7+ Kg6 49. Bd1 Nf5 50. Bc2 Rhe8 51. Rxe8 Rxe8 52. Bxf4 Re4 53. Bxe4 dxe4 54. Nc3 Nxd4 55. Nxa4 Nc2 56. Rc3 Bxa4 57. b3 e3+ 58. Bxe3 Nxe3 59. Kxe3 Bc6 60. Kf4 Ne5 61. Rg3+ Kf7 62. Rh3 Ke6 63. Rxh5 Kd5 64. Kf5 Nd7 65. b4 Kc4 66. Ke6 Kb5 67. Kd6 Nb8 68. Rh8 Na6 69. Rc8 Bb7 70. Rf8 Nxb4 71. Rb8 Ka6 72. Kc7 Nd5+ 73. Kd6 Nb4 74. Rf8 Kb5 75. Rxf6 Na6 76. Rf5 Nxc5 77. Rxc5+ Kb4 78. Rc1 Be4 79. Ke5 Bd3 80. Kd4 Bb5 81. Rb1+ Ka4 82. Kc3 Be8 83. Rb7 Bc6 84. Rb4+ Ka5 85. Kc4 Be8 86. Kc5 Ka6 87. Rb6+ Ka7 88. Re6 Ba4 89. Re4 Bd1 90. Kb5 Kb7 91. Re7+ Kc8 92. Kc6 Bf3+ 93. Kd6 Bg2 94. Rf7 Bh1 95. Rf1 Bg2 96. Rg1 Bf3 1/2-1/2

[Event "NAYCC U16"]
[Site "Toronto CAN"]
[Date "2013.08.18"]
[Round "8"]
[White "Lin, Tony (Juntao)"]
[Black "Nasir, Zehn"]
[Result "1-0"]
[WhiteElo "2204"]
[BlackElo "2089"]
[PlyCount "77"]
[GameId "2160767909292549"]
[EventDate "2013.08.14"]
[EventType "swiss"]
[EventRounds "9"]
[EventCountry "CAN"]

1. d4 Nf6 2. c4 e5 3. dxe5 Ng4 4. Nf3 Bc5 5. e3 Nc6 6. Nc3 O-O 7. Be2 Ngxe5 8. Nxe5 Nxe5 9. O-O Re8 10. b3 a5 11. Bb2 Ra6 12. Qd5 Ba7 13. c5 Rh6 14. f4 Nc6 15. Nb5 Qe7 16. Nxa7 Qxe3+ 17. Rf2 Nxa7 18. Bc4 Rf8 19. Bd4 Qe6 20. Qf3 Qf5 21. g4 Rg6 22. Rg2 Rxg4 23. Qxg4 Qxg4 24. Rxg4 g6 25. Rg2 Nc6 26. Bf6 b6 27. cxb6 cxb6 28. Bb5 Na7 29. Bd3 Nc6 30. Re1 Bb7 31. Rge2 Nb4 32. Bc4 Bc6 33. Be7 Ra8 34. Bxb4 axb4 35. Re8+ Kg7 36. Rxa8 Bxa8 37. Rd1 Bc6 38. Bd5 Bb5 39. Rd4 1-0

[Event "NAYCC U16"]
[Site "Toronto CAN"]
[Date "2013.08.18"]
[Round "8"]
[White "Polavarapu, Satyaveer"]
[Black "Qian, Lanting"]
[Result "0-1"]
[WhiteElo "1186"]
[BlackElo "1518"]
[PlyCount "42"]
[GameId "2160767909292550"]
[EventDate "2013.08.14"]
[EventType "swiss"]
[EventRounds "9"]
[EventCountry "CAN"]
[SourceTitle "EXT 2022"]
[Source "ChessBase"]
[SourceDate "2021.10.06"]
[SourceVersion "1"]
[SourceVersionDate "2021.10.06"]
[SourceQuality "1"]

1. e4 c5 2. Nf3 d6 3. d3 Nc6 4. d4 cxd4 5. Bc4 e5 6. Ng5 Nh6 7. Qf3 Qc7 8. Bb5 Qa5+ 9. c3 Qxb5 10. cxd4 Nxd4 11. Nc3 Nxf3+ 12. Nxf3 Qa6 13. Nd5 Qc6 14. O-O Be6 15. Nb4 Qxe4 16. a3 Bg4 17. Ne1 Be2 18. f3 Qd4+ 19. Rf2 d5 20. Nec2 Qd1+ 21. Rf1 Qxf1# 0-1

[Event "NAYCC U16"]
[Site "Toronto CAN"]
[Date "2013.08.18"]
[Round "8"]
[White "Qian, Owen"]
[Black "Li, Robert"]
[Result "1-0"]
[WhiteElo "2025"]
[BlackElo "1847"]
[PlyCount "71"]
[GameId "2160767909292551"]
[EventDate "2013.08.14"]
[EventType "swiss"]
[EventRounds "9"]
[EventCountry "CAN"]
[SourceTitle "EXT 2022"]
[Source "ChessBase"]
[SourceDate "2021.10.06"]
[SourceVersion "1"]
[SourceVersionDate "2021.10.06"]
[SourceQuality "1"]

1. d4 Nf6 2. c4 g6 3. Nc3 Bg7 4. e4 d6 5. Be2 O-O 6. Nf3 e5 7. dxe5 dxe5 8. Bg5 Nbd7 9. O-O h6 10. Bh4 b6 11. b4 Bb7 12. Qc2 g5 13. Bg3 Qe7 14. a3 Nh5 15. Nd5 Bxd5 16. cxd5 f5 17. Nd2 Nxg3 18. hxg3 a5 19. Qb3 Kh8 20. Rac1 axb4 21. axb4 Ra7 22. Rc6 fxe4 23. Nxe4 Nf6 24. Nc3 Qf7 25. Nb5 Rb7 26. Bc4 Ne4 27. Qc2 Nf6 28. d6 Qd7 29. Be6 Qxe6 30. dxc7 Qd5 31. c8=Q Rxc8 32. Rxc8+ Ng8 33. Rd1 Qe6 34. Rdd8 Re7 35. Nc7 Qf7 36. Nd5 1-0

[Event "NAYCC U16"]
[Site "Toronto CAN"]
[Date "2013.08.18"]
[Round "8"]
[White "Song, Edward"]
[Black "Velikanov, Alexander"]
[Result "1/2-1/2"]
[WhiteElo "2311"]
[BlackElo "2332"]
[PlyCount "62"]
[GameId "2160767909292552"]
[EventDate "2013.08.14"]
[EventType "swiss"]
[EventRounds "9"]
[EventCountry "CAN"]
[SourceTitle "EXT 2022"]
[Source "ChessBase"]
[SourceDate "2021.10.06"]
[SourceVersion "1"]
[SourceVersionDate "2021.10.06"]
[SourceQuality "1"]

1. e4 c5 2. Nf3 e6 3. d4 cxd4 4. Nxd4 Nc6 5. Nc3 Qc7 6. Be3 a6 7. Be2 Nf6 8. O-O Bb4 9. Na4 Be7 10. Nxc6 bxc6 11. Nb6 Rb8 12. Nxc8 Qxc8 13. Bd4 c5 14. Be5 Rb6 15. b3 O-O 16. Qd3 Qc6 17. Bf3 c4 18. bxc4 Rb4 19. Bxf6 gxf6 20. Be2 Rb7 21. Rab1 Rxb1 22. Rxb1 Qc7 23. g3 Kg7 24. Qb3 Rc8 25. Qb7 a5 26. Qa6 Bb4 27. c3 Bxc3 28. Rb7 Qe5 29. Rxd7 Rc7 30. Rxc7 Qxc7 31. Qb5 Bb4 1/2-1/2

[Event "NAYCC U16"]
[Site "Toronto CAN"]
[Date "2013.08.18"]
[Round "8"]
[White "Song, Terry"]
[Black "Jeyapragasan, Kuhan"]
[Result "0-1"]
[WhiteElo "2171"]
[BlackElo "1768"]
[PlyCount "98"]
[GameId "2160767909292553"]
[EventDate "2013.08.14"]
[EventType "swiss"]
[EventRounds "9"]
[EventCountry "CAN"]
[SourceTitle "EXT 2022"]
[Source "ChessBase"]
[SourceDate "2021.10.06"]
[SourceVersion "1"]
[SourceVersionDate "2021.10.06"]
[SourceQuality "1"]

1. e4 c5 2. Nc3 e6 3. f4 d5 4. Bb5+ Nc6 5. Nf3 Nf6 6. Bxc6+ bxc6 7. d3 Ba6 8. e5 Nd7 9. b3 g6 10. O-O Bg7 11. Na4 Bb5 12. Nb2 Ba6 13. c4 Nb6 14. Qe1 Bf8 15. Kh1 h5 16. Be3 d4 17. Bf2 Be7 18. Bh4 Bxh4 19. Nxh4 Bb7 20. Nf3 a5 21. Na4 Nd7 22. Qh4 Qxh4 23. Nxh4 Ke7 24. Rae1 Rhg8 25. Nf3 Raf8 26. Ng5 f5 27. Nh7 Rf7 28. Ng5 Rff8 29. Rf3 Rg7 30. Ref1 Rh8 31. Rh3 Rgg8 32. Kg1 Ra8 33. Kf2 Raf8 34. Ke2 Rb8 35. Kd2 Ba8 36. Rh1 Rhg8 37. Rh4 Rh8 38. Ke2 Rh6 39. Rg1 Rg8 40. g4 fxg4 41. Rgxg4 Rf8 42. Rg2 Rf5 43. Ne4 Rh7 44. Nd6 Rf8 45. Rxg6 Rfh8 46. Kf3 Rf8 47. Ke4 Nb8 48. Nxc5 Nd7 49. Nxe6 c5+ 0-1

[Event "NAYCC U16"]
[Site "Toronto CAN"]
[Date "2013.08.18"]
[Round "8"]
[White "Thanabalachandran, Kajan"]
[Black "Mattekatt, Joe"]
[Result "1-0"]
[WhiteElo "1823"]
[BlackElo "871"]
[PlyCount "77"]
[GameId "2160767909292554"]
[EventDate "2013.08.14"]
[EventType "swiss"]
[EventRounds "9"]
[EventCountry "CAN"]
[SourceTitle "EXT 2022"]
[Source "ChessBase"]
[SourceDate "2021.10.06"]
[SourceVersion "1"]
[SourceVersionDate "2021.10.06"]
[SourceQuality "1"]

1. e4 e5 2. Nf3 Nc6 3. Bb5 Nge7 4. O-O g6 5. c3 Bg7 6. d4 a6 7. Ba4 O-O 8. Be3 b5 9. Bc2 d6 10. h3 Be6 11. d5 Bxh3 12. gxh3 Na7 13. Qd2 f5 14. Ng5 Qc8 15. Ne6 f4 16. Bxa7 Rxa7 17. Nxf8 Qxh3 18. f3 Qg3+ 19. Qg2 Qxg2+ 20. Kxg2 Bxf8 21. Nd2 c6 22. dxc6 Nxc6 23. Rad1 h5 24. Rh1 Rh7 25. Kf2 Be7 26. Rdg1 g5 27. Bb3+ Kf8 28. Bd5 Na5 29. b4 Nc4 30. Nxc4 bxc4 31. Bxc4 a5 32. b5 d5 33. Bxd5 Bc5+ 34. Kg2 Bxg1 35. Rxg1 g4 36. b6 h4 37. fxg4 h3+ 38. Kh2 f3 39. b7 1-0

[Event "NAYCC U16"]
[Site "Toronto CAN"]
[Date "2013.08.18"]
[Round "8"]
[White "Xu, Grant"]
[Black "Karamsetty, Jeevan"]
[Result "1-0"]
[WhiteElo "2284"]
[BlackElo "2196"]
[PlyCount "161"]
[GameId "2160767909292555"]
[EventDate "2013.08.14"]
[EventType "swiss"]
[EventRounds "9"]
[EventCountry "CAN"]
[SourceTitle "EXT 2022"]
[Source "ChessBase"]
[SourceDate "2021.10.06"]
[SourceVersion "1"]
[SourceVersionDate "2021.10.06"]
[SourceQuality "1"]

1. e4 e5 2. Nf3 Nc6 3. Bc4 Nf6 4. d3 Bc5 5. c3 O-O 6. Bb3 h6 7. Nbd2 d6 8. Nf1 Bb6 9. Ng3 Be6 10. O-O Qd7 11. Qe2 Na5 12. Bc2 c5 13. Nh4 Bc7 14. Nhf5 d5 15. Qf3 Bd8 16. h3 Kh7 17. d4 Nc6 18. Nxh6 Kh8 19. Nhf5 cxd4 20. cxd4 Bc7 21. Nxg7 Nh7 22. N7f5 exd4 23. Qh5 Bxf5 24. Nxf5 f6 25. exd5 Nb4 26. Bh6 Rg8 27. Be4 Rae8 28. Qf3 Re5 29. Rfd1 Qe8 30. Ng3 Qe7 31. Bf4 Rxe4 32. Nxe4 Bxf4 33. Qxf4 Nxd5 34. Qf3 Qe5 35. Ng3 Ng5 36. Qh5+ Kg7 37. Re1 Ne3 38. fxe3 Qxg3 39. exd4 Qd6 40. Rad1 Rh8 41. Qe2 Qg3 42. Kf1 Rh4 43. Qe7+ Kg6 44. Qe8+ Kf5 45. Qc8+ Kg6 46. Qg8+ Kf5 47. Qd5+ Kg6 48. Qg8+ Kh6 49. Qf8+ Kg6 50. Qe8+ Kh6 51. Re3 Rf4+ 52. Ke2 Qxg2+ 53. Kd3 Qxb2 54. Qf8+ Kg6 55. Qg8+ Kh6 56. Qd5 Rf2 57. Qb3 Qxa2 58. Qxa2 Rxa2 59. Kc4 f5 60. d5 f4 61. Rb3 Rc2+ 62. Kd4 b6 63. Ke5 f3 64. h4 Nf7+ 65. Ke6 Nd8+ 66. Ke7 Nb7 67. Rxf3 Rc7+ 68. Ke6 Nc5+ 69. Kd6 Rc8 70. Ke7 Rc7+ 71. Kf6 Ne4+ 72. Ke5 Re7+ 73. Kd4 Nc5 74. Re3 Rg7 75. d6 Kh5 76. Kd5 Rf7 77. Kc6 Kxh4 78. d7 Nxd7 79. Rxd7 Rf6+ 80. Kb7 a5 81. Rb3 1-0

[Event "NAYCC U16"]
[Site "Toronto CAN"]
[Date "2013.08.18"]
[Round "9"]
[White "Bao, Tony Bohan"]
[Black "Ding, Andrew"]
[Result "0-1"]
[WhiteElo "1895"]
[BlackElo "2228"]
[PlyCount "42"]
[GameId "2160767909292556"]
[EventDate "2013.08.14"]
[EventType "swiss"]
[EventRounds "9"]
[EventCountry "CAN"]
[SourceTitle "EXT 2022"]
[Source "ChessBase"]
[SourceDate "2021.10.06"]
[SourceVersion "1"]
[SourceVersionDate "2021.10.06"]
[SourceQuality "1"]

1. Nf3 c5 2. c4 Nf6 3. Nc3 e6 4. g3 b6 5. Bg2 Bb7 6. O-O Be7 7. Re1 d6 8. e4 Nbd7 9. d4 cxd4 10. Nxd4 a6 11. Be3 Qc7 12. Rc1 O-O 13. b3 Rfd8 14. h3 Rac8 15. Qd2 Qb8 16. Rcd1 Qa8 17. Nc2 b5 18. cxb5 Nxe4 19. Nxe4 Bxe4 20. Bxe4 Qxe4 21. Nb4 Ne5 0-1

[Event "NAYCC U16"]
[Site "Toronto CAN"]
[Date "2013.08.18"]
[Round "9"]
[White "Li, Robert"]
[Black "Nasir, Zehn"]
[Result "0-1"]
[WhiteElo "1847"]
[BlackElo "2089"]
[PlyCount "188"]
[GameId "2160767909292557"]
[EventDate "2013.08.14"]
[EventType "swiss"]
[EventRounds "9"]
[EventCountry "CAN"]
[SourceTitle "hb 2013"]

1. e4 c6 2. d4 d5 3. Nc3 dxe4 4. Nxe4 Bf5 5. Ng3 Bg6 6. Nf3 Nd7 7. Bd3 e6 8. Bf4 Ngf6 9. O-O Be7 10. c3 Qb6 11. Bxg6 hxg6 12. Qc2 O-O-O 13. a4 Nh5 14. Bd2 Rh7 15. b4 Rdh8 16. a5 Qc7 17. Nxh5 Rxh5 18. h3 g5 19. Nh2 Bd6 20. f4 Nf6 21. c4 Bxf4 22. Bxf4 gxf4 23. Qe2 Qd6 24. Qd2 Ne4 25. Qb2 Ng3 26. Rfd1 Nf5 27. Ng4 Ne3 28. Nxe3 fxe3 29. b5 c5 30. dxc5 Qxc5 31. Qd4 e2 32. Qxc5+ Rxc5 33. Re1 Rh4 34. Rac1 Rhxc4 35. Rxc4 Rxc4 36. Rxe2 Ra4 37. Rc2+ Kd8 38. b6 axb6 39. axb6 Rd4 40. Kf2 f6 41. Ke3 Rd6 42. Rb2 Kd7 43. Ke4 g6 44. g4 e5 45. Rb4 Ke6 46. h4 Rd1 47. Kf3 Rd3+ 48. Kg2 f5 49. Rc4 Rb3 50. h5 fxg4 51. hxg6 Kf6 52. Rxg4 Kg7 53. Rg5 Rxb6 54. Rxe5 Kxg6 55. Kf3 Rd6 56. Ke4 Kf6 57. Rd5 Rc6 58. Rb5 Rc7 59. Kd5 Ke7 60. Rb6 Kd7 61. Rh6 Rc1 62. Rh7+ Kc8 63. Rh6 Kb8 64. Rh8+ Ka7 65. Rh4 b6 66. Rc4 Rh1 67. Kc6 Rh6+ 68. Kb5 Kb7 69. Rg4 Rh5+ 70. Kc4 Ka6 71. Kb4 Rh1 72. Rf4 Rb1+ 73. Kc3 Ka5 74. Kc2 Rg1 75. Rf3 Ka4 76. Rh3 Rg4 77. Kb2 Rg2+ 78. Kb1 b5 79. Rf3 Rg1+ 80. Kb2 b4 81. Rh3 Rg4 82. Rf3 b3 83. Rf8 Rg2+ 84. Kc3 Rc2+ 85. Kd3 Ka3 86. Ra8+ Kb2 87. Rb8 Rc7 88. Rb6 Rd7+ 89. Ke2 Kc2 90. Rc6+ Kb1 91. Rb6 b2 92. Ke1 Rd4 93. Rb8 Ka2 94. Ra8+ Kb3 0-1

[Event "NAYCC U16"]
[Site "Toronto CAN"]
[Date "2013.08.18"]
[Round "9"]
[White "Mattekatt, Joe"]
[Black "Polavarapu, Satyaveer"]
[Result "1-0"]
[WhiteElo "871"]
[BlackElo "1186"]
[PlyCount "89"]
[GameId "2160767909292558"]
[EventDate "2013.08.14"]
[EventType "swiss"]
[EventRounds "9"]
[EventCountry "CAN"]
[SourceTitle "hb 2013"]

1. d4 Nc6 2. c4 e6 3. Nf3 d5 4. e3 dxc4 5. Bxc4 Bb4+ 6. Nc3 Nf6 7. O-O Bxc3 8. bxc3 e5 9. Qb3 O-O 10. Nxe5 Nxe5 11. dxe5 Ng4 12. h3 Nxe5 13. Rd1 Qe8 14. Ba3 Be6 15. Bxe6 fxe6 16. Bxf8 Kxf8 17. Qxb7 c5 18. Qe4 Ng6 19. Rab1 Qc8 20. Rd6 e5 21. Rbd1 Qe8 22. Qxa8 Qxa8 23. Rd8+ Qxd8 24. Rxd8+ Kf7 25. Rd7+ Ne7 26. Rxa7 g5 27. Rc7 Kf6 28. Rxc5 Nf5 29. a4 Nd6 30. Rc6 Ke6 31. a5 Kd7 32. Rc5 Nb7 33. Rxe5 h6 34. a6 Nd6 35. a7 Nc4 36. a8=Q Nxe5 37. Qd5+ Kc7 38. Qxe5+ Kb7 39. Qd6 h5 40. c4 g4 41. hxg4 hxg4 42. c5 Kc8 43. Qe7 Kb8 44. c6 Ka8 45. Qb7# 1-0

[Event "NAYCC U16"]
[Site "Toronto CAN"]
[Date "2013.08.18"]
[Round "9"]
[White "Qian, Lanting"]
[Black "Fu, James"]
[Result "0-1"]
[WhiteElo "1518"]
[BlackElo "2233"]
[PlyCount "42"]
[GameId "2160767909292559"]
[EventDate "2013.08.14"]
[EventType "swiss"]
[EventRounds "9"]
[EventCountry "CAN"]
[SourceTitle "hb 2013"]

1. e4 Nc6 2. d4 e5 3. Nf3 exd4 4. Nxd4 Nf6 5. Nxc6 bxc6 6. e5 Qe7 7. Qe2 Nd5 8. c4 Ba6 9. b3 Qh4 10. Bb2 Bb4+ 11. Nd2 Nc3 12. Qe3 Ne4 13. Rd1 Bxd2+ 14. Rxd2 Nxd2 15. Qxd2 Qe4+ 16. Qe3 Qxe3+ 17. fxe3 O-O 18. Bd3 d5 19. O-O dxc4 20. bxc4 Rad8 21. Rd1 Bxc4 0-1

[Event "NAYCC U16"]
[Site "Toronto CAN"]
[Date "2013.08.18"]
[Round "9"]
[White "Qian, Owen"]
[Black "Xu, Grant"]
[Result "0-1"]
[WhiteElo "2025"]
[BlackElo "2284"]
[PlyCount "140"]
[GameId "2160767909292560"]
[EventDate "2013.08.14"]
[EventType "swiss"]
[EventRounds "9"]
[EventCountry "CAN"]
[SourceTitle "hb 2013"]

1. d4 e6 2. c4 Nf6 3. g3 d5 4. Bg2 Be7 5. Nf3 O-O 6. O-O dxc4 7. Qc2 a6 8. a4 Nbd7 9. Rd1 Rb8 10. Qxc4 b5 11. axb5 axb5 12. Qc2 Bb7 13. b3 Qc8 14. Ba3 b4 15. Bb2 Be4 16. Qc1 c5 17. Nbd2 Bd5 18. Ne1 Bxg2 19. Kxg2 Qb7+ 20. Kg1 cxd4 21. Bxd4 Rfc8 22. Qb2 Nc5 23. Nc4 Ra8 24. Rxa8 Rxa8 25. Nd3 Nxd3 26. Rxd3 h6 27. Be5 Qe4 28. Rd4 Qg6 29. Bd6 Bxd6 30. Nxd6 Rb8 31. Nc4 Nd5 32. Ne5 Qh5 33. Nd3 Nc3 34. Rxb4 Rxb4 35. Nxb4 Nxe2+ 36. Kf1 Qf3 37. Qd2 Nc1 38. Kg1 Qxb3 39. Qxc1 Qxb4 40. h4 Qe4 41. Qc7 Qd5 42. Qc8+ Kh7 43. Qe8 Qf3 44. Qe7 Qf5 45. Qe8 g5 46. hxg5 hxg5 47. Qf8 e5 48. Qe7 e4 49. Qe8 Kg7 50. Qe7 Kg6 51. Qd6+ Kh5 52. Qd1+ Qf3 53. Qd7 f5 54. Qd6 Kg4 55. Qd4 Qd3 56. Qe5 e3 57. fxe3 Qd1+ 58. Kh2 Qe2+ 59. Kg1 Qf3 60. Qd4+ Kxg3 61. Qe5+ Kg4 62. Qe6 Qe2 63. Qe5 Qd1+ 64. Kh2 Qc2+ 65. Kg1 Kf3 66. Qd5+ Kxe3 67. Qe5+ Kf3 68. Qd5+ Kg4 69. Qd4+ f4 70. Qd7+ Kg3 0-1

[Event "NAYCC U16"]
[Site "Toronto CAN"]
[Date "2013.08.18"]
[Round "9"]
[White "Sun, Mike"]
[Black "Lin, Tony (Juntao)"]
[Result "0-1"]
[WhiteElo "2021"]
[BlackElo "2204"]
[PlyCount "170"]
[GameId "2160767909292561"]
[EventDate "2013.08.14"]
[EventType "swiss"]
[EventRounds "9"]
[EventCountry "CAN"]
[SourceTitle "hb 2013"]

1. e4 e6 2. d4 d5 3. Nd2 Be7 4. Ngf3 Nf6 5. e5 Nfd7 6. Bd3 c5 7. c3 b6 8. Ne4 Qc7 9. Ng3 h6 10. O-O Ba6 11. Bxa6 Nxa6 12. Qd3 c4 13. Qe2 Nab8 14. Ne1 Nc6 15. f4 g6 16. Nc2 b5 17. Ne3 Nb6 18. Qf3 Qd7 19. Ng4 h5 20. Ne3 h4 21. Ne2 a5 22. Rb1 Rc8 23. g4 hxg3 24. hxg3 Kd8 25. Kg2 Kc7 26. Bd2 Na7 27. b3 Ra8 28. Rfd1 Rh7 29. Rh1 Rah8 30. Rxh7 Rxh7 31. Qf2 Qe8 32. Rh1 Qh8 33. Rxh7 Qxh7 34. g4 Nc6 35. Qf3 Qh8 36. Qh3 Qg8 37. Kf2 cxb3 38. axb3 a4 39. b4 Nc4 40. Nxc4 bxc4 41. Qh1 Kb6 42. Nc1 Qa8 43. Na2 a3 44. Qd1 Kb5 45. Ke2 Qh8 46. g5 Qa8 47. Ke1 Bd8 48. Be3 Bb6 49. Qc2 Ne7 50. Bf2 Nf5 51. Kd1 Qh8 52. Qd2 Qh1+ 53. Ke2 Qg2 54. Ke1 Qe4+ 55. Kd1 Qb1+ 56. Ke2 Ka4 57. Nc1 Ng7 58. Bg3 Qe4+ 59. Kd1 Qf3+ 60. Ne2 Nf5 61. Be1 Ne3+ 62. Kc1 Qe4 63. Bf2 Ng4 64. Ng3 Qd3 65. Be1 Kb3 66. Nf1 Bc7 67. Qg2 Ne3 68. Nxe3 Qxe3+ 69. Bd2 Qe4 70. Qxe4 dxe4 71. Kb1 a2+ 72. Ka1 Kc2 73. Be1 e3 74. Kxa2 e2 75. Ka3 Kd1 76. Bf2 e1=Q 77. Bxe1 Kxe1 78. b5 Kd2 79. Kb4 Kd3 80. b6 Bxb6 81. d5 exd5 82. f5 Bd8 83. e6 Bxg5 84. fxg6 Be7+ 85. Kb5 fxg6 0-1

[Event "NAYCC U16"]
[Site "Toronto CAN"]
[Date "2013.08.18"]
[Round "9"]
[White "Thanabalachandran, Kajan"]
[Black "Song, Terry"]
[Result "0-1"]
[WhiteElo "1823"]
[BlackElo "2171"]
[PlyCount "128"]
[GameId "2160767909292562"]
[EventDate "2013.08.14"]
[EventType "swiss"]
[EventRounds "9"]
[EventCountry "CAN"]
[SourceTitle "hb 2013"]

1. e4 c5 2. c3 d5 3. exd5 Nf6 4. Nf3 Nxd5 5. d4 cxd4 6. Nxd4 e6 7. Bd3 Be7 8. O-O Bd7 9. Nd2 Nc6 10. N2f3 Rc8 11. Nxc6 Bxc6 12. Ne5 Qc7 13. Nxc6 Qxc6 14. Qg4 Nf6 15. Qe2 a6 16. Bg5 Nd5 17. Bxe7 Nxe7 18. Qg4 h5 19. Qe4 g6 20. Rfe1 Qb6 21. b3 O-O 22. c4 Rfd8 23. Rad1 Rd4 24. Qe3 Rcd8 25. Bc2 Qa5 26. a4 Rd2 27. Rxd2 Qxd2 28. Qxd2 Rxd2 29. Rc1 Nc6 30. Kf1 Nd4 31. Rd1 Rxd1+ 32. Bxd1 Kf8 33. Ke1 b6 34. Kd2 a5 35. Kd3 Nc6 36. f4 Ke7 37. Bf3 Kd6 38. Kc3 Kc5 39. Bxc6 Kxc6 40. Kd4 f6 41. h4 Kd6 42. g3 Kc6 43. Ke4 Kc5 44. Kd3 Kb4 45. Kc2 e5 46. fxe5 fxe5 47. Kd3 Kxb3 48. Ke4 Kxc4 49. Kxe5 b5 50. axb5 Kxb5 51. Kf6 a4 52. Kxg6 a3 53. Kxh5 a2 54. g4 a1=Q 55. g5 Qh8+ 56. Kg4 Kc5 57. g6 Qh6 58. Kf5 Qxh4 59. Ke6 Qg5 60. Kf7 Qf5+ 61. Kg7 Kd6 62. Kh6 Ke7 63. g7 Qc8 64. Kh7 Kf7 0-1

[Event "NAYCC U16"]
[Site "Toronto CAN"]
[Date "2013.08.18"]
[Round "9"]
[White "Velikanov, Alexander"]
[Black "Jeyapragasan, Kuhan"]
[Result "1-0"]
[WhiteElo "2332"]
[BlackElo "1768"]
[PlyCount "37"]
[GameId "2160767909292563"]
[EventDate "2013.08.14"]
[EventType "swiss"]
[EventRounds "9"]
[EventCountry "CAN"]
[SourceTitle "hb 2013"]

1. d4 Nf6 2. c4 e6 3. Nf3 d5 4. Nc3 c6 5. e3 Nbd7 6. Bd3 Bd6 7. O-O e5 8. cxd5 cxd5 9. e4 dxe4 10. Nxe4 Nxe4 11. Bxe4 O-O 12. dxe5 Nxe5 13. Nxe5 Bxe5 14. Bxh7+ Kxh7 15. Qh5+ Kg8 16. Qxe5 Re8 17. Qg3 Qf6 18. Bd2 Qxb2 19. Bc3 1-0

[Event "NAYCC U16"]
[Site "Toronto CAN"]
[Date "2013.08.18"]
[Round "9"]
[White "Wang, Jalen"]
[Black "Song, Edward"]
[Result "1/2-1/2"]
[WhiteElo "2167"]
[BlackElo "2311"]
[PlyCount "76"]
[GameId "2160767909292564"]
[EventDate "2013.08.14"]
[EventType "swiss"]
[EventRounds "9"]
[EventCountry "CAN"]
[SourceTitle "hb 2013"]

1. e4 c5 2. Nf3 d6 3. d4 cxd4 4. Nxd4 Nf6 5. Nc3 a6 6. f3 e5 7. Nb3 Be6 8. Be3 Be7 9. Qd2 O-O 10. O-O-O a5 11. a4 Nc6 12. g4 Nb4 13. Kb1 Rc8 14. Qf2 Nd7 15. h4 b6 16. Bb5 Nc5 17. Nxc5 bxc5 18. Nd5 Nc6 19. c3 Na7 20. Bc4 Re8 21. g5 Bf8 22. h5 Kh8 23. Rdg1 Nc6 24. Qg2 Ne7 25. g6 Bxd5 26. gxf7 Bxc4 27. Bh6 Nf5 28. exf5 Qf6 29. fxe8=Q Rxe8 30. Bc1 Qxf5+ 31. Ka1 Qd7 32. b3 Bxb3 33. Qg4 Bxa4 34. Qxd7 Bxd7 35. h6 g6 36. Re1 Bf5 37. Bg5 Rb8 38. Rh2 Kg8 1/2-1/2

[Event "NAYCC U16"]
[Site "Toronto CAN"]
[Date "2013.08.18"]
[Round "9"]
[White "Wu, Stanley"]
[Black "Karamsetty, Jeevan"]
[Result "0-1"]
[WhiteElo "1797"]
[BlackElo "2196"]
[PlyCount "64"]
[GameId "2160767909292565"]
[EventDate "2013.08.14"]
[EventType "swiss"]
[EventRounds "9"]
[EventCountry "CAN"]
[SourceTitle "hb 2013"]

1. e4 e5 2. Nf3 Nc6 3. Bc4 Nf6 4. Ng5 d5 5. exd5 Na5 6. Bb5+ c6 7. dxc6 bxc6 8. Bd3 h6 9. Ne4 Be7 10. Nxf6+ Bxf6 11. O-O Be6 12. Nc3 Nb7 13. Qf3 Qd7 14. Be4 Rc8 15. d3 Nd6 16. Be3 h5 17. h3 h4 18. Na4 Nb7 19. Bxa7 Bd8 20. Nb6 Bxb6 21. Bxb6 f5 22. Bxf5 Bxf5 23. Rfe1 O-O 24. Be3 Bxd3 25. Qh5 Bxc2 26. Qxe5 Qd5 27. Qe7 Nd6 28. Qxh4 Rf6 29. Bf4 Rg6 30. f3 Qxf3 31. Bg5 Qd5 32. Re8+ Rxe8 0-1

[Event "NAYCC U16 w"]
[Site "Toronto CAN"]
[Date "2013.08.14"]
[Round "1"]
[White "D'Alonzo, Jovanna"]
[Black "Sametova, Zhanna"]
[Result "0-1"]
[WhiteElo "1137"]
[BlackElo "1821"]
[PlyCount "56"]
[GameId "2160767909292566"]
[EventDate "2013.08.14"]
[EventType "swiss"]
[EventRounds "9"]
[EventCountry "CAN"]
[SourceTitle "hb 2013"]

1. c4 c5 2. g3 g6 3. Bg2 Bg7 4. Nc3 Nf6 5. d3 O-O 6. Nf3 d5 7. cxd5 Nxd5 8. Nxd5 Qxd5 9. O-O Nc6 10. Qb3 Qxb3 11. axb3 Be6 12. Be3 Bxb3 13. Ra3 Bd5 14. Bxc5 Bxb2 15. Ra4 a6 16. Rb1 b5 17. Rf4 Bg7 18. Nd4 Bxg2 19. Kxg2 Nxd4 20. Bxd4 e5 21. Bxe5 Bxe5 22. Re4 Bc3 23. Rc1 b4 24. Rb1 a5 25. Kf3 a4 26. Rc4 a3 27. Rxc3 bxc3 28. Rc1 a2 0-1

[Event "NAYCC U16 w"]
[Site "Toronto CAN"]
[Date "2013.08.14"]
[Round "1"]
[White "Fleurisca, Robesca Annase"]
[Black "Lu, Mandy"]
[Result "0-1"]
[WhiteElo "1165"]
[BlackElo "1923"]
[PlyCount "118"]
[GameId "2160767909292567"]
[EventDate "2013.08.14"]
[EventType "swiss"]
[EventRounds "9"]
[EventCountry "CAN"]
[SourceTitle "EXT 2022"]
[Source "ChessBase"]
[SourceDate "2021.10.06"]
[SourceVersion "1"]
[SourceVersionDate "2021.10.06"]
[SourceQuality "1"]

1. e4 e5 2. Nf3 Nc6 3. Nc3 Nf6 4. Bc4 Bc5 5. d3 O-O 6. Bg5 Be7 7. Bxf6 Bxf6 8. O-O d6 9. h3 Na5 10. Qd2 Nxc4 11. dxc4 c6 12. Rad1 Be6 13. b3 Be7 14. c5 dxc5 15. Qxd8 Rfxd8 16. Nxe5 f6 17. Rxd8+ Rxd8 18. Nf3 c4 19. Rd1 Rxd1+ 20. Nxd1 Bc5 21. Nc3 a5 22. Na4 Bb4 23. e5 cxb3 24. cxb3 b5 25. Nb2 Bc3 26. Nd3 Bf5 27. Nc5 fxe5 28. Kf1 Bb4 29. Nb7 Bd3+ 30. Kg1 Bc3 31. Nc5 Be2 32. Kh2 Bxf3 33. gxf3 Bd4 34. Nd3 c5 35. Kg3 c4 36. bxc4 bxc4 37. Ne1 Kf7 38. f4 exf4+ 39. Kxf4 Bxf2 40. Nc2 Ke6 41. Ke4 Kd6 42. Kf5 Kd5 43. Kf4 Bd4 44. h4 Bf6 45. h5 g6 46. Kg4 Ke4 47. Na3 Kd3 48. hxg6 hxg6 49. Kf4 c3 50. Kf3 Be7 51. Nb5 c2 52. Kf2 c1=Q 53. Kf3 Qc6+ 54. Kf4 Qxb5 55. Kg4 Bd6 56. Kf3 Qf5+ 57. Kg2 Qg4+ 58. Kf2 Bc5+ 59. Kf1 Qg1# 0-1